|
|
|
|
| LEADER |
00000cam a2200000 7i4500 |
| 001 |
0000001706 |
| 005 |
20011204.0 |
| 090 |
0 |
0 |
|a 338.174
|b SEM 1997
|
| 110 |
1 |
0 |
|a SEMINAR on Market Strategies & Action Plan for Europe on Timber Products
|j Kuala Lumpur
|k 1997
|
| 245 |
1 |
0 |
|a Seminar ... , 19 September 1997, Kuala Lumpur
|
| 260 |
0 |
0 |
|a Kuala Lumpru :
|b Malaysian Timber Council ,
|c 1997
|
| 300 |
|
|
|a Various pagings ;
|c 30 cm.
|
| 500 |
0 |
0 |
|a Unpublished report
|
| 650 |
0 |
0 |
|a Forests and forestry
|x Congresses
|
| 650 |
0 |
0 |
|a Timber
|x Congresses
|
| 710 |
1 |
1 |
|a Malaysian Timber Council (MTC)
|
| 998 |
|
|
|a JPSM
|
| 999 |
|
|
|a 0000002579
|b Monograph
|c Open Shelf
|e Default branch
|